书目信息 |
| 题名: |
蚂蚁的生存哲学
|
|
| 作者: | 江乐兴 著 | |
| 分册: | ||
| 出版信息: | 北京 地震出版社 2006.05 |
|
| 页数: | 134页 | |
| 开本: | 23cm | |
| 丛书名: | ||
| 单 册: | ||
| 中图分类: | B821-49 | |
| 科图分类: | ||
| 主题词: | 人生哲学--ren sheng zhe xue--通俗读物 | |
| 电子资源: | ||
| ISBN: | 7-5028-2831-1 | |
| 000 | 00953nam0 2200253 450 | |
| 001 | 012008468304 | |
| 005 | 20080318095142.01 | |
| 010 | @a7-5028-2831-1@dCNY19.80 | |
| 100 | @a20080318d2006 km y0chiy0120 ea | |
| 101 | 0 | @achi |
| 102 | @aCN@b110000 | |
| 105 | @aa z 000yy | |
| 106 | @ar | |
| 200 | 1 | @a蚂蚁的生存哲学@Ama yi de sheng cun zhe xue@d= Philosophy for existence of ant@f江乐兴著@Fjiang yue xing zhu@zeng |
| 210 | @a北京@c地震出版社@d2006.05 | |
| 215 | @a134页@c图@d23cm | |
| 300 | @a并列题名取自封面和封底。 | |
| 330 | @a本书试图从大众哲学的角度,对蚂蚁的生活习性做了深入细致的描写,既遵循了科学与真实的原则,有恰如其分地穿插了一些趣味横生的故事,深入地揭示了蚂蚁的繁衍之道与生存之道。 | |
| 510 | 1 | @a Philosophy for existence of ant@zeng |
| 606 | 0 | @a人生哲学@Aren sheng zhe xue@j通俗读物 |
| 690 | @aB821-49@v4 | |
| 701 | 0 | @a江乐兴@Ajiang yue xing@4著 |
| 801 | 0 | @aCN@bQSSK@c20080318 |
| 905 | @b20287180-82@dB821-49@eJ367@f3 | |
| 蚂蚁的生存哲学= Philosophy for existence of ant/江乐兴著.-北京:地震出版社,2006.05 |
| 134页:图;23cm |
| 并列题名取自封面和封底。 |
| ISBN 7-5028-2831-1:CNY19.80 |
| 本书试图从大众哲学的角度,对蚂蚁的生活习性做了深入细致的描写,既遵循了科学与真实的原则,有恰如其分地穿插了一些趣味横生的故事,深入地揭示了蚂蚁的繁衍之道与生存之道。 |
| ● |
| 相关链接 |
|
|
|
正题名:蚂蚁的生存哲学
索取号:B821-49/J367
 
预约/预借
| 序号 | 登录号 | 条形码 | 馆藏地/架位号 | 状态 | 备注 |
| 1 | 287180 | 202871801 | 社科库509/509社科库 25排2列3层/ [索取号:B821-49/J367] | 在馆 | |
| 2 | 287181 | 202871810 | 社科库509/509社科库 25排2列3层/ [索取号:B821-49/J367] | 在馆 | |
| 3 | 287182 | 202871829 | 社科库509/509社科库 25排2列3层/ [索取号:B821-49/J367] | 在馆 |